El príncipe y el mendigo /

Guardat en:
Dades bibliogràfiques
Autor principal: Twain, Mark (autor)
Altres autors: Souto Alabarce, Arturo (introducción) (introducción)
Format: Llibre
Idioma:espanyol
Publicat: México : Porrúa, 1984, c1984
Edició:3a edición
Col·lecció:(Sepan Cuántos ; 337)
Matèries:
Etiquetes: Afegir etiqueta
Sense etiquetes, Sigues el primer a etiquetar aquest registre!

MARC

LEADER 00000nam^a2200000^a^4500
001 000023411
005 20250521000000.0
009 20260310084532.784
020 |a 968-432-229-1 
037 |a Acervo ITESO - Biblioteca 
041 |a ESP 
082 |a 082.  |b POR V. 337 
100 |a Twain, Mark  |e (autor) 
240 1 4 |a [El príncipe y el mendigo] 
245 1 3 |a El príncipe y el mendigo /  |c M. Twain ; introd. de A. Souto Alabarce ; tr. por F. Benach. 
250 |a 3a edición 
264 4 |a México :  |b Porrúa,  |c 1984, c1984 
300 |a 141 p. 
336 |a texto  |b txt  |2 rdacontenido 
337 |a sin mediación  |b n  |2 rdamedio 
338 |a volumen  |b nc  |2 rdasoporte 
440 1 |a (Sepan Cuántos ;  |v 337) 
500 |a Traducción de: The Prince and the Pauper 
545 0 |a El escritor y humorista norteamericano Samuel Langhorne Clemens (Florida, Missouri, 1835 - Nueva York, 1910), mejor conocido por el pseudónimo de Mark Twain, es el creador de algunos de los personajes más sobresalientes de la narrativa norteamericana; es mundialmente reconocido por El príncipe y el mendigo (1881), y Un yanqui en la corte del Rey Arturo (1889), pero sobre todo por Las aventuras de Tom Sawyer (1876) y Las aventuras de Huckelberry Finn (1884), obras que poseen un lenguaje coloquial que, aparte de divertido, refleja una sátira de la sociedad y las costumbres de su época. Sus dotes de orador, su ingenio y espíritu satírico apreciados por críticos y colegas, le permitieron entablar amistades con políticos, artistas e industriales; fue precisamente su amigo el empresario Henry H. Royers quien lo salvaría de la bancarrota a que había llegado por su pobre visión financiera. Otras de sus creaciones son Los inocentes en el extranjero (1869), Vida en el Mississippi (1883), Viajes alrededor del mundo siguiendo el ecuador (1897) y Recuerdos personales de Juana de Arco (1896). Obtuvo en 1907 el doctorado Honoris Causa por la Universidad de Oxford. 
649 |a XX 
650 |a Niños en la Literatura 
650 |a Identidad Personal en la Literatura 
650 |a Amistad en la Literatura 
650 |a Novela Norteamericana 
650 |a Novela Histórica -  |z EUA 
650 |a Literatura Norteamericana -  |y Siglo XIX 
650 |a Inglaterra -  |x Historia -  |y Eduardo VI, 1547-1553 
650 |a Inglaterra -  |x Historia -  |y Dinastía Tudor, 1485-1603 
650 |a Eduardo VII,  |c Rey de Inglaterra -  |x Tema Principal 
700 |a Souto Alabarce, Arturo  |e (introducción) 
910 |a Fondo General 
920 |a Impresos - Libros 
930 |a Colección General 
940 |a Literatura 
905 |a 101 
901 |a 0234110100  |b IT1  |c LIT  |i 023411  |u 20250521 
902 |a https://opac.biblio.iteso.mx/vufind/Record/000023411